Introduction to probability : (Record no. 1544)

MARC details
000 -LEADER
fixed length control field 00621cam a2200181 4500
001 - CONTROL NUMBER
control field 1994
005 - DATE AND TIME OF LATEST TRANSACTION
control field 20181127164343.0
008 - FIXED-LENGTH DATA ELEMENTS--GENERAL INFORMATION
fixed length control field 741011s1963 nyua b 000 0 eng
010 ## - LIBRARY OF CONGRESS CONTROL NUMBER
LC control number 63014577
100 1# - MAIN ENTRY--PERSONAL NAME
Personal name Earl, Boyd.
245 10 - TITLE STATEMENT
Title Introduction to probability :
Remainder of title a programmed unit in modern mathematics /
Statement of responsibility, etc. Boyd Earl.
260 ## - PUBLICATION, DISTRIBUTION, ETC.
Place of publication, distribution, etc. New York :
Name of publisher, distributor, etc. McGraw-Hill,
Date of publication, distribution, etc. 1963.
300 ## - PHYSICAL DESCRIPTION
Extent xii, 259 p. :
Other physical details ill. ;
Dimensions 24 cm.
504 ## - BIBLIOGRAPHY, ETC. NOTE
Bibliography, etc. note Bibliography: p. x.
650 #0 - SUBJECT ADDED ENTRY--TOPICAL TERM
Topical term or geographic name entry element Probabilities
General subdivision Programmed instruction.
700 ## - ADDED ENTRY--PERSONAL NAME
Personal name Wendell I. Smith.
Numeration
Titles and other words associated with a name
Dates associated with a name
Relator term
Form subheading
Language of a work
Medium of performance for music
Number of part/section of a work
Arranged statement for music
Name of part/section of a work
Fuller form of name
Key for music
Version
Title of a work
Personal name J. William Moore.
Numeration
Titles and other words associated with a name
Dates associated with a name
Relator term
Form subheading
Language of a work
Medium of performance for music
Number of part/section of a work
Arranged statement for music
Name of part/section of a work
Fuller form of name
Key for music
Version
Title of a work
Holdings
Withdrawn status Lost status Source of classification or shelving scheme Damaged status Not for loan Collection code Home library Current library Shelving location Serial Enumeration / chronology Inventory number Total Checkouts Full call number Barcode Date last seen Price effective from Koha item type
    Dewey Decimal Classification     Main TEST RTC Library RTC Library Main opac 1019   519.2 EAR 30003183 27/11/2018 27/11/2018 Main
Royal Thimphu College || All Right Reserved